000
00271nam a22001217a 4500
008
180316b xxu||||| |||| 00| 0 eng d
041
_a
eng
080
_a
941
100
_a
16
101
_a
HIS
245
_a
Old New York in Early Photographs
_c
Black, M
942
_2
udc
_c
BK
999
_c
45267
_d
45267